[Event "ROM-ch Amateurs"]
[Site "Sebes"]
[Date "2023.02.24"]
[Round "6"]
[White "Irimia, Ionut"]
[Black "Dima, Ioan Radu"]
[Result "0-1"]
[WhiteElo "2002"]
[BlackElo "1802"]
[PlyCount "114"]
[EventDate "2023.02.21"]
[EventType "swiss"]
[EventRounds "9"]
[EventCountry "ROU"]
[SourceTitle "CBM 213 Extra"]
[Source "ChessBase"]
[SourceDate "2023.05.31"]
[SourceVersion "1"]
[SourceVersionDate "2023.05.31"]
[SourceQuality "1"]

1. e4 e6 2. d3 d5 3. Nd2 c5 4. g3 Nc6 5. Bg2 Nf6 6. f4 Be7 7. Ngf3 dxe4 8. dxe4 Ng4 9. Qe2 Nb4 10. Nc4 0-0 11. h3 Nf6 12. 0-0 b6 13. Rd1 Qc7 14. c3 Nc6 15. e5 Ne8 16. Be3 Ba6 17. b3 Rc8 18. Rd2 b5 19. Nb2 c4 20. b4 Nxb4 21. cxb4 Bxb4 22. Rc2 Bc5 23. Rac1 Ba3 24. Rc3 Qa5 25. Nd4 Bb4 26. Nd1 Bxc3 27. Nxc3 b4 28. Ne4 c3 29. Qc2 Bc4 30. Nb3 Bxb3 31. axb3 Nc7 32. Nd6 Rb8 33. Be4 Nb5 34. Nc4 Qc7 35. Ra1 Rfd8 36. Bxh7+ Kh8 37. Be4 Nd4 38. Qd1 Nf5 39. Qh5+ Kg8 40. Rxa7 g6 41. Qg5 Rd1+ 42. Kf2 Qd8 43. Qxd8+ Rbxd8 44. Bxf5 exf5 45. Ra2 Rb1 46. Bb6 Rc8 47. Ke2 Rxb3 48. Kd3 Rb1 49. Kc2 b3+ 50. Kxb1 bxa2+ 51. Kxa2 Rxc4 52. Be3 f6 53. exf6 Kf7 54. Kb1 c2+ 55. Kc1 Kxf6 56. Kd2 Ke6 57. Kd3 c1Q 0-1